000 00414pam a2200157 a 4500
020 _a0070706913 (alk. paper)
040 _cDLC
082 0 0 _a792 HIL 1998 A111 Or.
100 1 _aWilson, Edwin,
245 1 4 _aThe theater experience /
250 _a7th ed.
260 _aNew York :
_bThe McGraw-Hill Companies,
_cc1998.
300 _axvi, 494 p. :
_bill. (some col.) ;
_c24 cm.
650 0 _aTheater.
942 _cEK
999 _c17161
_d17161